| 000 | 00000nam##2200000za#4500 |
| 001 | 9.572983 |
| 003 | CaOODSP |
| 005 | 20210624183502 |
| 007 | cr ||||||||||| |
| 008 | 150406|2002||||xxc|||||o f|0| 0 eng|d |
| 040 | |aCaOODSP|beng |
| 043 | |an-cn--- |
| 086 | 1 |aBT31-4/49-2002E-PDF |
| 110 | 1 |aCanada. |bTreasury Board. |
| 245 | 10|aNational Battlefields Commission, performance report for the period ending March 31, 2002 |h[electronic resource] |
| 246 | 3 |aThe National Battlefields Commission, performance report for the period ending March 31, 2002 |
| 260 | |aOttawa - Ontario : |bTreasury Board of Canada Secretariat |cc2002. |
| 300 | |a31p.|btables, index |
| 490 | 1 |aPerformance report for the period ending March 31, 2002 |vFor the period ending March 31, 2002 |
| 500 | |aThe catalogue number (BT31-4/49-2002) and ISBN (0-660-62123-1) for the bilingual print edition have been incorrectly copied in this electronic publication. |
| 590 | |a12-18-Supp|b2012-04-25 |
| 775 | 08|tCommission des champs de battaille nationaux, rapport sur le rendement pour la période se terminant le 31 mars 2002 |w(CaOODSP)9.603227 |
| 776 | 0#|tNational Battlefields Commission |w(CaOODSP)9.536852 |
| 776 | 0#|tCommission des champs de bataille nationaux |w(CaOODSP)9.536853 |
| 830 | #0|aPerformance report for the period ending March 31, 2002 ;|vFor the period ending March 31, 2002|w(CaOODSP)9.506264 |
| 856 | 40|ahttp://publications.gc.ca|qPDF|s419 KB|uhttps://publications.gc.ca/collections/collection_2012/sct-tbs/BT31-4-49-2002-eng.pdf|yFor the period ending March 31, 2002 |